| 000 | 00552nam a2200181 a 4500 | ||
|---|---|---|---|
| 001 | 3618 | ||
| 005 | 20140414132034.0 | ||
| 008 | 040721s19uu xx 00 eng d | ||
| 020 | _a0-307-02080-0 | ||
| 050 |
_aTR _bR22 1986 |
||
| 100 | _aBuss, Nancy | ||
| 245 |
_aReady, set, grow! : _ba book about nature / _cby Nancy Buss ; illustrated by Kathy Allert. |
||
| 260 |
_aNew York : _bA Golden Book, _c1986. |
||
| 300 | _a1 v. p. : ill. ; cm. | ||
| 500 | _aformerly titled How Things Grow | ||
| 650 |
_aGrowth _xJuvenile literature. |
||
| 999 |
_c113680 _d113680 |
||